Ekonomičeskije principy koncepcii prijemlemogo riska.

Ekonomika prijateľného rizika a jej princípy. Rozdiely v úrovni prijateľného rizika a prostriedky na zníženie rizika. Základné problémy ekonómie rizika v Rusku a tvorba jej informačnej bázy na základe trhovej ekonomiky. Základné smery výskumov ekonómie rizika. Ekonómia rizika a otázky poisťovníctva.

Enregistré dans:
Détails bibliographiques
Auteur principal: Karchov, A.
Autres auteurs: Maksimenko, B.
Format: Chapitre de livre
Langue:russe
Sujets:
Tags: Ajouter un tag
Pas de tags, Soyez le premier à ajouter un tag!

MARC

LEADER 00000naa a2200000 4500
001 r010377
005 20221130113306.5
041 0 |a rus 
044 |a [SU] 
245 1 0 |a Ekonomičeskije principy koncepcii prijemlemogo riska.  |c A. Karchov, B. Maksimenko 
520 |a Ekonomika prijateľného rizika a jej princípy. Rozdiely v úrovni prijateľného rizika a prostriedky na zníženie rizika. Základné problémy ekonómie rizika v Rusku a tvorba jej informačnej bázy na základe trhovej ekonomiky. Základné smery výskumov ekonómie rizika. Ekonómia rizika a otázky poisťovníctva. 
610 2 0 |a riziko 
610 2 0 |a stratégia hospodárska 
610 2 0 |a poisťovníctvo 
610 2 0 |a hospodárstvo trhové 
610 2 0 |a Rusko 
610 2 0 |a základňa informačná 
610 2 0 |a koncepcie 
100 1 |a Karchov, A. 
700 1 |a Maksimenko, B.